धानी धरती / (Record no. 176081)
[ view plain ]
| 000 -LEADER | |
|---|---|
| fixed length control field | 00838nam a22001937a 4500 |
| 005 - DATE AND TIME OF LATEST TRANSACTION | |
| control field | 20201029115632.0 |
| 010 ## - LCCN (DPL NO) | |
| LC control number | B-736513 |
| 020 ## - INTERNATIONAL STANDARD BOOK NUMBER | |
| Terms of availability | 54.00 |
| 035 ## - SYSTEM CONTROL NUMBER | |
| System control number | B-736513 |
| 037 ## - SOURCE OF ACQUISITION | |
| Source of stock number/acquisition | डी.बी.ए.डी./ उपहार |
| 082 ## - DEWEY DECIMAL CLASSIFICATION NUMBER | |
| Classification number | उ |
| 100 ## - MAIN ENTRY--PERSONAL NAME | |
| Personal name | ईशान महेश |
| 245 ## - TITLE STATEMENT | |
| Title | धानी धरती / |
| Statement of responsibility, etc | ईशान महेश |
| 260 ## - PUBLICATION, DISTRIBUTION, ETC. (IMPRINT) | |
| Place of publication, distribution, etc | नई दिल्ली |
| Name of publisher, distributor, etc | सरस्वती हाउस प्रा.लि. |
| Date of publication, distribution, etc | 202? |
| 270 ## - ADDRESS | |
| Address | 9 दरियागंज समीप टेलीफोन कार्यालय |
| City | नई दिल्ली |
| Postal code | 110002 |
| 300 ## - PHYSICAL DESCRIPTION | |
| Extent | 87पृ. |
| Dimensions | 22सेमी (अजिल्द) |
| 942 ## - ADDED ENTRY ELEMENTS (KOHA) | |
| Source of classification or shelving scheme | Dewey Decimal Classification |
| Item type | Children Books |
| Call number suffix | ईशान |
| Classification part | उ |
No items available.
